Time to change course (Record no. 121116)

MARC details
000 -LEADER
fixed length control field 00566nas a22001937a 4500
001 - CONTROL NUMBER
control field K121116
007 - PHYSICAL DESCRIPTION FIXED FIELD--GENERAL INFORMATION
fixed length control field ta
008 - FIXED-LENGTH DATA ELEMENTS--GENERAL INFORMATION
fixed length control field 190930b2019 ||||| |||| 00| 0 eng d
041 ## - LANGUAGE CODE
Language code of text/sound track or separate title eng
100 ## - MAIN ENTRY--PERSONAL NAME
Personal author Ho, Daniel
245 ## - TITLE STATEMENT
Title Time to change course
260 ## - PUBLICATION INFORMATION
Date 2019
490 ## - SERIES TITLE
Series statement RICS Modus
Volume September 2019, 5(1)
520 ## - ABSTRACT
Abstract Looks at how alternative routes into the surveying profession such as apprenticeships need to be brought into the mainstream.
650 ## - KEYWORDS
Keywords apprenticeships
650 ## - KEYWORDS
Keywords qualifications
651 ## - SUBJECT ADDED ENTRY--GEOGRAPHIC NAME
Geographic name United Kingdom
690 ## - LOCAL SUBJECT ADDED ENTRY--TOPICAL TERM (OCLC, RLIN)
9 (RLIN) 6277
Topical term or geographic name as entry element RICS
Holdings
Withdrawn status Lost status Source of classification or shelving scheme Damaged status Not for loan Home library Current library Shelving location Date acquired Total Checkouts Date last seen Price effective from Koha item type
    Dewey Decimal Classification     London London Gallery 30/09/2019   30/09/2019 30/09/2019 Journal article